000 00599nam a2200145Ia 4500
008 230917s9999||||xx |||||||||||||| ||und||
040 _e44145
_aMAIN
041 _aEnglish
082 _a491.22 L149N
100 _aSarup, Lakshman
245 0 _aNighantu and the Nirukta the oldest Indian treatise on etymology, philosophy, and semantics: Critically edited from original manuscripts and translated for the first time into English, with introduction, exegetial and critical nates, three indexes and eight appendices
260 _aDelhi
_bMotilal Banardsidass
_c1967
300 _av. p.
942 _cBK
999 _c181139
_d181139